[Event "AUTO-ADV-860"]
[Site "http://www.queenalice.com/game.php?id=381292"]
[Date "2008.4.3"]
[Round "1"]
[White "REUSKING"]
[Black "proudpawn"]
[Result "0-1"]
[WhiteElo "1993"]
[BlackElo "1810"]

1. e4 c5 2. Nf3 d6 3. d4 cxd4 4. Nxd4 Nf6 5. Nc3 g6 6. Be3 Bg7 7. Be2 O-O 8. O-O
a6 9. a4 Nc6 10. h3 Qc7 11. Qd2 Bd7 12. Nd5 Nxd5 13. exd5 Nxd4 14. Bxd4 Bxd4 15.
Qxd4 Qxc2 16. Bd3 Qd2 17. Rad1 Qg5 18. Kh1 f5 19. f4 Qf6 20. Qb4 b5 21. axb5
Bxb5 22. Bxb5 axb5 23. Rd2 Rfb8 24. Kh2 g5 25. fxg5 Qxg5 26. Rf3 Ra4 27. Rg3
Qxg3+ 0-1

[Event "rematch"]
[Site "http://www.queenalice.com/game.php?id=404215"]
[Date "2008.5.17"]
[Round "-"]
[White "kokkieschaak"]
[Black "proudpawn"]
[Result "1-0"]
[WhiteElo "2018"]
[BlackElo "1808"]

1. d4 Nf6 2. c4 g6 3. Nc3 d5 4. e3 Bg7 5. Nf3 O-O 6. Bd3 c6 7. O-O Bg4 8. Qe2
Nbd7 9. Bd2 e5 10. cxd5 cxd5 11. dxe5 Nxe5 12. Nd1 Nxf3+ 13. gxf3 Bh3 14. Re1
Ne4 15. f4 Qh4 16. f3 Nc5 17. Rc1 Rac8 18. Rxc5 Rxc5 19. Bb4 Rfc8 20. Bxc5 Rxc5
21. Nf2 d4 22. e4 Be6 23. b4 Rh5 24. Ng4 f5 25. exf5 gxf5 26. Qxe6+ 1-0

[Event "AUTO-OPEN-1141"]
[Site "http://www.queenalice.com/game.php?id=407631"]
[Date "2008.5.24"]
[Round "1"]
[White "TheBigSid"]
[Black "proudpawn"]
[Result "1-0"]
[WhiteElo "2110"]
[BlackElo "1823"]

1. d4 Nf6 2. c4 g6 3. Nc3 d5 4. e3 Bg7 5. Nf3 O-O 6. Bd3 dxc4 7. Bxc4 Bg4 8. O-O
Nc6 9. h3 Bxf3 10. Qxf3 Na5 11. Bd3 c5 12. Ne2 cxd4 13. exd4 Rc8 14. Be3 b6 15.
Rac1 Qd7 16. b4 Nb7 17. Ba6 Nd5 18. a3 Rxc1 19. Rxc1 Nd8 20. Bc4 Nxe3 21. fxe3
Ne6 22. Nf4 Ng5 23. Qd5 Qxd5 24. Nxd5 e6 25. Nf4 Rc8 26. Rc2 Kf8 27. Bd3 Rxc2
28. Bxc2 Ke7 29. h4 e5 30. Nd3 Ne6 31. dxe5 Bh6 32. Kf2 Ng7 33. g4 g5 34. h5 Ne6
35. Nb2 Bg7 36. Bxh7 Bxe5 37. Nd3 Bc3 38. Be4 f6 39. h6 Nd8 40. Bg6 Nf7 41. h7
Nh8 42. Bf5 Kf7 43. Kf3 Kg7 44. Ke4 Nf7 45. Kd5 Nh6 46. e4 Nxf5 47. exf5 a5 48.
b5 Kxh7 49. a4 Kg7 50. Nf2 1-0

[Event "AUTO-OPEN-1141"]
[Site "http://www.queenalice.com/game.php?id=407632"]
[Date "2008.5.24"]
[Round "1"]
[White "proudpawn"]
[Black "TheBigSid"]
[Result "0-1"]
[WhiteElo "1820"]
[BlackElo "2101"]

1. e4 e6 2. d4 d5 3. Nc3 Bb4 4. e5 c5 5. a3 Bxc3+ 6. bxc3 Qa5 7. Bd2 Qa4 8. Nf3
Nc6 9. dxc5 Nge7 10. Be2 Ng6 11. O-O Ngxe5 12. Re1 Nd7 13. Be3 O-O 14. Qd3 Qa5
15. Ng5 g6 16. c4 Nxc5 17. Bxc5 Qxc5 18. cxd5 Qxd5 19. Qxd5 exd5 20. Red1 Be6
21. c4 Rad8 22. Nxe6 fxe6 23. cxd5 exd5 24. Bf3 d4 25. g4 Rxf3 0-1

[Event "AUTO-OPEN-1141"]
[Site "http://www.queenalice.com/game.php?id=407644"]
[Date "2008.5.24"]
[Round "1"]
[White "pergaminos"]
[Black "proudpawn"]
[Result "1-0"]
[WhiteElo "2067"]
[BlackElo "1828"]

1. d4 d5 2. Nf3 Nf6 3. Bf4 Nc6 4. e3 Bd7 5. Nc3 e6 6. Nb5 Bb4+ 7. c3 Ba5 8. b4
Bb6 9. a4 a5 10. bxa5 Bxa5 11. Qb3 O-O 12. Bd3 Ne4 13. Bxe4 dxe4 14. Nd2 f5 15.
Nc4 g5 16. Be5 Nxe5 17. Nxe5 Bxb5 18. axb5 Qe7 19. O-O f4 20. exf4 gxf4 21. Rfe1
Bb6 22. Rxa8 Rxa8 23. Qc2 e3 24. fxe3 fxe3 25. Qe4 Qf6 26. Qxe3 Rf8 27. Nd7 1-0

[Event "QA-ANNIV-04"]
[Site "http://www.queenalice.com/game.php?id=418395"]
[Date "2008.6.16"]
[Round "1"]
[White "RicardoMate"]
[Black "proudpawn"]
[Result "0-1"]
[WhiteElo "1617"]
[BlackElo "1822"]

1. e4 c5 2. Nf3 d6 3. Nc3 Nf6 4. d4 cxd4 5. Nxd4 a6 6. Bc4 b5 7. Be2 e6 8. Bg5
Be7 9. O-O O-O 10. Bxf6 Bxf6 11. Bf3 Bb7 12. e5 Bxf3 13. Qxf3 dxe5 14. Qxa8 exd4
15. Ne4 d3 16. Nxf6+ Qxf6 17. cxd3 Qxb2 18. Qe4 Nd7 19. Rfb1 Qc3 20. Rc1 Qf6 21.
Qb7 Nc5 22. Qc6 Nxd3 23. Rf1 Nb4 24. Qe4 Nd5 25. a3 Ra8 26. Rad1 a5 27. h3 h6
28. Rb1 Rb8 29. Rbd1 Nc3 30. Qd3 Nxd1 31. Rxd1 b4 32. axb4 axb4 33. Rb1 Qe5 34.
Qc4 g5 35. Rxb4 Qe1+ 36. Kh2 Qxb4 37. Qxb4 Rxb4 38. g4 Kg7 39. Kg3 f5 40. f3 Kg6
41. gxf5+ exf5 42. Kg2 g4 43. hxg4 fxg4 44. fxg4 Rxg4+ 45. Kh3 Kf5 46. Kh2 Kf4
47. Kh3 Kf3 48. Kh2 Rg5 49. Kh1 Kf2 0-1

[Event "AUTO-OPEN-1199"]
[Site "http://www.queenalice.com/game.php?id=434261"]
[Date "2008.7.16"]
[Round "1"]
[White "gipmachado"]
[Black "proudpawn"]
[Result "1-0"]
[WhiteElo "2009"]
[BlackElo "1814"]

1. e4 c5 2. Nc3 Nc6 3. g3 g6 4. Bg2 Bg7 5. d3 e6 6. f4 Nge7 7. Nf3 O-O 8. O-O d6
9. Be3 Nd4 10. Bf2 Nxf3+ 11. Qxf3 Nc6 12. Rab1 Nb4 13. a3 Nxc2 14. Ne2 Qa5 15.
Rfc1 Nd4 16. Nxd4 cxd4 17. Rc4 e5 18. fxe5 dxe5 19. Be1 Qd8 20. Bb4 Re8 21. Rbc1
a5 22. Bd2 b5 23. Rc7 Re7 24. Bxa5 Rxc7 25. Bxc7 Qf6 26. Qxf6 Bxf6 27. Rc5 Ba6
28. Bxe5 Bxe5 29. Rxe5 b4 30. Ra5 bxa3 31. Rxa3 Bb7 32. Rxa8+ Bxa8 33. e5 Bxg2
34. Kxg2 f5 35. exf6 Kf7 36. Kf3 Kxf6 37. Ke4 1-0

[Event "AUTO-OPEN-1199"]
[Site "http://www.queenalice.com/game.php?id=434262"]
[Date "2008.7.16"]
[Round "1"]
[White "proudpawn"]
[Black "gipmachado"]
[Result "1-0"]
[WhiteElo "1848"]
[BlackElo "1892"]

1. e4 e5 2. Nf3 Nc6 3. Bb5 a6 4. Ba4 Nf6 5. O-O Be7 6. Re1 b5 7. Bb3 d6 8. d4
Bg4 9. d5 Nd4 10. Nbd2 O-O 11. c3 Nxb3 12. Qxb3 Qc8 13. h3 Bh5 14. c4 Rb8 15.
cxb5 Rxb5 16. Qe3 1-0

[Event "AUTO-OPEN-1199"]
[Site "http://www.queenalice.com/game.php?id=434283"]
[Date "2008.7.16"]
[Round "1"]
[White "proudpawn"]
[Black "chess2009"]
[Result "0-1"]
[WhiteElo "1864"]
[BlackElo "1427"]

1. d4 e6 2. c4 Qf6 3. Nf3 h6 4. Nc3 a6 5. g3 b6 6. Bg2 Bb7 7. O-O Bb4 8. a3 Bxc3
9. bxc3 Nc6 10. Qd3 O-O-O 11. Be3 h5 12. Bg5 Qf5 13. Qxf5 exf5 14. Bxd8 Kxd8 15.
Ng5 Nh6 16. e4 fxe4 17. Bxe4 f5 18. Bxf5 Rf8 19. Be4 Kc8 20. f4 Ne7 21. Bxb7+
Kxb7 22. Rae1 Nef5 23. Kg2 Ng4 24. Rf3 d6 25. d5 b5 26. cxb5 axb5 27. h3 Ngh6
28. Ne6 Re8 29. Nc5+ Kb6 30. Nd7+ Kb7 31. Rxe8 Ka6 32. Nb8+ Ka5 33. Nc6+ Ka4 34.
Ra8+ Kb3 35. Nd4+ Nxd4 0-1

[Event "AUTO-OPEN-1199"]
[Site "http://www.queenalice.com/game.php?id=434284"]
[Date "2008.7.16"]
[Round "1"]
[White "chess2009"]
[Black "proudpawn"]
[Result "1-0"]
[WhiteElo "1457"]
[BlackElo "1834"]

1. e4 c5 2. Bc4 e6 3. h4 Nc6 4. Ne2 Nf6 5. a3 Be7 6. d3 O-O 7. f3 d5 8. exd5
exd5 9. Bb5 Nh5 10. Bxc6 bxc6 11. Bg5 Bxg5 12. hxg5 Qxg5 13. Rg1 Re8 14. Kf1 Ba6
15. Qd2 Qe5 16. c3 Qxe2+ 17. Qxe2 Ng3+ 18. Kf2 Nxe2 19. Rh1 Bxd3 20. Rd1 Bxb1
21. Raxb1 Rad8 22. Re1 Nf4 23. Red1 d4 24. c4 Re2+ 25. Kf1 Rxg2 26. b3 Ra2 27.
a4 d3 28. Ke1 Re2+ 29. Kf1 d2 30. b4 cxb4 31. Rxb4 Re1+ 32. Rxe1 dxe1=Q+ 33.
Kxe1 Nd3+ 34. Ke2 Nxb4 35. Kf2 Rd2+ 36. Ke1 Ra2 37. f4 Rxa4 38. c5 1-0

[Event "AUTO-OPEN-1199"]
[Site "http://www.queenalice.com/game.php?id=434285"]
[Date "2008.7.16"]
[Round "1"]
[White "proudpawn"]
[Black "Alexandrovinsk"]
[Result "0-1"]
[WhiteElo "1819"]
[BlackElo "2102"]

1. d4 Nf6 2. c4 d6 3. Nc3 g6 4. Nf3 Bg7 5. e4 O-O 6. Be2 Nbd7 7. Bg5 c6 8. O-O
e5 9. d5 c5 10. Qd2 a6 11. Ne1 Qe8 12. a4 h5 13. Nd3 Nh7 14. Bh6 f5 15. Bxg7
Kxg7 16. f4 fxe4 17. Nxe4 Qe7 18. fxe5 Rxf1+ 19. Rxf1 Nxe5 20. Ndf2 Bd7 21. Qe3
Bxa4 22. b3 Bd7 23. Nd2 Ng5 24. Qc3 Kh7 25. Re1 Rf8 26. Nfe4 Nxe4 27. Nxe4 Bf5
28. Ng3 Qg5 29. Nxf5 Rxf5 30. Kh1 Rf2 31. Qg3 Qxg3 32. hxg3 Kh6 33. Kg1 Rf8 34.
Rf1 Rxf1+ 35. Kxf1 Kg5 36. Kf2 Ng4+ 37. Kf3 Nf6 38. Bd3 Ne8 39. Ke3 Nc7 40. Kd2
b5 41. cxb5 axb5 42. Be4 Kf6 43. Kd3 g5 44. Bf3 Ke5 45. Bxh5 Kxd5 46. Ke3 b4 47.
Kf3 Ke5 48. Ke3 Nd5+ 49. Kd3 Nf6 50. Bf3 d5 51. Ke3 Ne4 52. Bxe4 dxe4 0-1

[Event "AUTO-OPEN-1199"]
[Site "http://www.queenalice.com/game.php?id=434286"]
[Date "2008.7.16"]
[Round "1"]
[White "Alexandrovinsk"]
[Black "proudpawn"]
[Result "1-0"]
[WhiteElo "2052"]
[BlackElo "1830"]

1. e4 c5 2. Nf3 d6 3. d4 cxd4 4. Nxd4 Nf6 5. Nc3 a6 6. Be2 g6 7. f3 Bg7 8. Be3
O-O 9. Qd2 Bd7 10. O-O-O Nc6 11. Kb1 Qc7 12. h4 b5 13. h5 Nxh5 14. g4 Ng3 15.
Rh3 Nxe2 16. Ncxe2 b4 17. Nxc6 Qxc6 18. Bh6 Be6 19. Bxg7 Kxg7 20. Qh6+ Kf6 21.
g5+ Ke5 22. f4+ Kxe4 23. Ng3+ Kxf4 24. Qh4+ Ke5 25. Qd4# 1-0

[Event "AUTO-ADV-982"]
[Site "http://www.queenalice.com/game.php?id=437988"]
[Date "2008.7.23"]
[Round "1"]
[White "carpe_diem"]
[Black "proudpawn"]
[Result "0-1"]
[WhiteElo "1778"]
[BlackElo "1804"]

1. e4 c5 2. Nf3 d6 3. d4 cxd4 4. Nxd4 Nf6 5. Nc3 a6 6. f4 e6 7. Qf3 Qc7 8. Bd2
Be7 9. Bd3 O-O 10. O-O Qb6 11. Be3 Qxb2 12. Nce2 Qa3 13. e5 dxe5 14. fxe5 Nd5
15. Qh5 g6 16. Qh6 Nxe3 17. Rf4 Nf5 18. Nxf5 exf5 19. Rf3 Qc5+ 20. Re3 Nc6 21.
Nf4 Qxe3+ 22. Kf1 Bc5 23. Qh4 Qg1+ 24. Ke2 Qxa1 25. Qg3 Nd4+ 26. Kd2 Bb4+ 27.
Ke3 Qg1+ 28. Qf2 Bd2+ 0-1

[Event "AUTO-ADV-982"]
[Site "http://www.queenalice.com/game.php?id=437989"]
[Date "2008.7.23"]
[Round "1"]
[White "proudpawn"]
[Black "carpe_diem"]
[Result "0-1"]
[WhiteElo "1858"]
[BlackElo "1811"]

1. e4 c5 2. Nc3 Nc6 3. g3 g6 4. Bg2 Bg7 5. f4 e6 6. Nf3 Qc7 7. O-O a6 8. d3 Nge7
9. Be3 b6 10. Qd2 O-O 0-1

[Event "AUTO-ADV-982"]
[Site "http://www.queenalice.com/game.php?id=438002"]
[Date "2008.7.23"]
[Round "1"]
[White "Lintz"]
[Black "proudpawn"]
[Result "0-1"]
[WhiteElo "1796"]
[BlackElo "1840"]

1. e4 c5 2. Nc3 Nc6 3. Nf3 d6 4. d4 cxd4 5. Nxd4 Nf6 6. Be2 e5 7. Nb3 Be7 8. Bg5
O-O 9. Bxf6 Bxf6 10. Bg4 Nd4 11. Bxc8 Rxc8 12. O-O a5 13. Nxd4 exd4 14. Nd5 d3
15. c3 Be5 16. Qxd3 Re8 17. f4 Bf6 18. f5 Be5 19. g3 Qg5 20. a4 h5 21. Qf3 h4
22. Nf4 hxg3 0-1

[Event "AUTO-ADV-982"]
[Site "http://www.queenalice.com/game.php?id=438003"]
[Date "2008.7.23"]
[Round "1"]
[White "proudpawn"]
[Black "Lintz"]
[Result "1-0"]
[WhiteElo "1854"]
[BlackElo "1734"]

1. e4 c5 2. Nc3 Nc6 3. g3 g6 4. Bg2 Bg7 5. d3 d6 6. f4 Nf6 7. Nf3 O-O 8. O-O Rb8
9. h3 e6 10. Be3 Nd7 11. Qd2 Nb6 12. Rae1 Ne7 13. e5 c4 14. Re2 d5 15. Rd1 1-0

[Event "AUTO-ADV-982"]
[Site "http://www.queenalice.com/game.php?id=438010"]
[Date "2008.7.23"]
[Round "1"]
[White "Taura10"]
[Black "proudpawn"]
[Result "1-0"]
[WhiteElo "1888"]
[BlackElo "1855"]

1. d4 Nf6 2. c4 g6 3. Nc3 d5 4. cxd5 Nxd5 5. e4 Nxc3 6. bxc3 Bg7 7. Bc4 c5 8.
Qf3 e6 9. Nh3 cxd4 10. Bb5+ Nc6 11. Bxc6+ bxc6 12. Ba3 dxc3 13. O-O Qa5 14. Bd6
c2 15. e5 Qb6 16. Ng5 Qb7 17. Rfc1 Bd7 18. Qxf7+ 1-0

[Event "AUTO-ADV-982"]
[Site "http://www.queenalice.com/game.php?id=438011"]
[Date "2008.7.23"]
[Round "1"]
[White "proudpawn"]
[Black "Taura10"]
[Result "0-1"]
[WhiteElo "1865"]
[BlackElo "1844"]

1. e4 e6 2. d4 b6 3. Nc3 d5 4. e5 c5 5. Bb5+ Nd7 6. Nf3 a6 7. Bxd7+ Qxd7 8. O-O
Ne7 9. Re1 Nf5 10. b3 cxd4 11. Nxd4 Nxd4 12. Qxd4 Bc5 13. Qg4 g6 14. Bh6 d4 15.
Ne4 Be7 16. Bg7 Rg8 17. Bf6 Bb7 18. Bxe7 Qxe7 19. Nf6+ Kf8 20. Nxg8 Kxg8 21.
Qxd4 Qg5 22. g3 Qf5 23. f4 Qxc2 24. Qf2 Rc8 25. Re2 Qc3 26. Rae1 Qc6 27. Re4 b5
28. Qd4 Qc2 0-1

[Event "QA-ANNIV-04"]
[Site "http://www.queenalice.com/game.php?id=445683"]
[Date "2008.8.8"]
[Round "2"]
[White "proudpawn"]
[Black "Marcelo_Bruno"]
[Result "1-0"]
[WhiteElo "1840"]
[BlackElo "1880"]

1. e4 e5 2. Nf3 Nc6 3. Bc4 Bc5 4. c3 Nf6 5. d4 exd4 6. cxd4 Bb4+ 7. Nc3 Nxe4 8.
O-O Bxc3 9. d5 Bf6 10. Re1 O-O 11. Rxe4 Na5 12. Bd3 b6 13. Rg4 d6 14. Rg3 g6 15.
Ng5 Bxg5 16. Bxg5 f6 17. Bh6 Rf7 18. Bxg6 hxg6 19. Rxg6+ Kh8 20. Qh5 Rh7 21.
Bg7+ 1-0